000 00459nam a2200181Ia 4500
008 220531s9999 xx 000 0 und d
041 _aeng
082 _bPRI / HAY
100 _aHaynes, W.
_978418
245 _aPrinciples And practice of Management
250 _a2ND
260 _aCalcutta
_bNew Central Book Agency
_c1991
300 _a641
542 _d18-01-2018
650 _aManagement
_978419
906 _d2017-2018
_f11855
999 _c43452
_d43452